Capitals Starting with Two Consonants - Statistics

General Stats
  • This quiz has been taken 412 times
  • The average score is 19 of 27
Answer Stats
Capital City % Correct
Stockholm
91%
Brasilia
90%
Bratislava
88%
Prague
82%
Brussels
81%
Tbilisi
79%
Pretoria
78%
Pristina
77%
Brazzaville
76%
Phnom Penh
76%
Chisinau
73%
Ljubljana
73%
Praia
73%
Skopje
73%
Khartoum
72%
Freetown
71%
N'Djamena
70%
Bridgetown
69%
Djibouti
69%
Tripoli
69%
Dhaka
67%
Thimphi
67%
Mbabane
66%
Pyongyang
64%
Bloemfontein
62%
Ngerulmud
56%
Sri Jayanwardenepura Kotte
29%
No matching quizzes found
Score Distribution
Percent of People with Each Score
Percentile by Number Answered
Your Score History
You have not taken this quiz